UBT Library

Handbook of local anesthesia / (Record no. 41236)

000 -LEADER
fixed length control field 00759pam a2200253 a 4500
001 - CONTROL NUMBER
control field 17134656
005 - DATE AND TIME OF LATEST TRANSACTION
control field 20180130035501.0
008 - FIXED-LENGTH DATA ELEMENTS--GENERAL INFORMATION
fixed length control field 120125s2004 moua b 001 0 eng
010 ## - LIBRARY OF CONGRESS CONTROL NUMBER
LC control number 2011293753
020 ## - INTERNATIONAL STANDARD BOOK NUMBER
International Standard Book Number 9780323024495
040 ## - CATALOGING SOURCE
Original cataloging agency DLC
Transcribing agency DLC
041 ## - LANGUAGE CODE
Language code of text/sound track or separate title eng
042 ## - AUTHENTICATION CODE
Authentication code pcc
080 ## - UNIVERSAL DECIMAL CLASSIFICATION NUMBER
Universal Decimal Classification number 617
082 ## - DEWEY DECIMAL CLASSIFICATION NUMBER
Edition number 617 MAL
100 1# - Rafti
Rafti 6
101 ## - Shkurtesa
Shkurtesa ANE
245 10 - TITLE STATEMENT
Title Handbook of local anesthesia /
Statement of responsibility, etc Stanley F. Malamed ; selected illustrations by Imagineering Scientific and Technical Artworks, Inc.
246 30 - VARYING FORM OF TITLE
Title proper/short title Local anesthesia
504 ## - BIBLIOGRAPHY, ETC. NOTE
Bibliography, etc Includes bibliographical references and index.
906 ## - LOCAL DATA ELEMENT F, LDF (RLIN)
a 7
b cbc
c origcop
d 2
e epcn
f 20
g y-gencatlg
942 ## - ADDED ENTRY ELEMENTS (KOHA)
Source of classification or shelving scheme
Item type Books
Holdings
Withdrawn status Lost status Source of classification or shelving scheme Damaged status Not for loan Collection code Permanent location Current location Shelving location Date acquired Total Checkouts Full call number Barcode Date last seen Price effective from Koha item type
          Koleksioni i përgjithshem UBT - Lipjan UBT - Lipjan Koleksioni i përgjithshem 01/30/2018   617 ANE 002-2996727 01/30/2018 01/30/2018 Books
UBT Library © 2015-2024. All rights reserved University Education for Business and Technology